| 000 | 00568nam a2200181 i 4500 | ||
|---|---|---|---|
| 001 | 71653 | ||
| 003 | ES-MaACL | ||
| 005 | 20230906171205.0 | ||
| 007 | t| | ||
| 008 | 040813s1913 fr ||||1| fre d | ||
| 100 | 1 |
_aGerard, Ernest. _956405 |
|
| 245 | 1 | 0 |
_aTraité des urines _b: l'analyse des urines comme un des éléments de diagnostic / _cpar Ern. Gerard. |
| 250 | _a3éme ed. | ||
| 260 |
_aParís : _bVigot, _c1913 ( _eTours : _fDeslis) |
||
| 300 |
_aVI, 568 p., 2 lám. : _bil. ; _c20 cm. |
||
| 650 | 0 | 4 |
_aOrina- _xAnálisis. _915774 |
| 852 |
_aES-MaACL _jB-11713 |
||
| 999 |
_c71653 _d71653 |
||